| 000 | 00363nam a2200133Ia 4500 | ||
|---|---|---|---|
| 005 | 20251222154313.0 | ||
| 008 | 251222s9999||||xx |||||||||||||| ||spa|| | ||
| 020 | _a84-481-4529-1 | ||
| 082 | _a572/S61 | ||
| 100 | _a"Smith, ColleenMarks, AllanLieberman, Michael" | ||
| 245 | 0 | _aBioquémica básica de Marks: Un enfoque clínico | |
| 250 | _a2a.ed. | ||
| 942 | _cLIB | ||
| 999 |
_c33477 _d33477 |
||